Catálogo público

Maize genetic resorces / (Record no. 78568)

MARC details
000 -CABECERA
campo de control de longitud fija 01404cam a2200445 a 4500
001 - NÚMERO DE CONTROL
campo de control 000081931
003 - IDENTIFICADOR DEL NÚMERO DE CONTROL
campo de control CHAP
005 - FECHA Y HORA DE LA ÚLTIMA TRANSACCIÓN
campo de control 20220329142117.0
008 - DATOS DE LONGITUD FIJA--INFORMACIÓN GENERAL
campo de control de longitud fija 990705d1995 mx ab r 00010 eng d
010 ## - NÚMERO DE CONTROL DE LA BIBLIOTECA DEL CONGRESO
Número de control de LC 78568
011 ## - ENLACE DEL NUMERO DE CONTROL DE LA BIBLIOTECA DEL CONGRESO [OBSOLETO]
Número de control de LC 79540
020 ## - NÚMERO INTERNACIONAL ESTÁNDAR DEL LIBRO
Número Internacional Estándar del Libro 9686923489
035 ## - NÚMERO DE CONTROL DEL SISTEMA
Número de control de sistema 89803
040 ## - FUENTE DE LA CATALOGACIÓN
Centro/agencia transcriptor CHAP
082 04 - NÚMERO DE LA CLASIFICACIÓN DECIMAL DEWEY
Número de clasificación 633.15
Número de documento/Ítem T11
100 00 - ENTRADA PRINCIPAL--NOMBRE DE PERSONA
Nombre de persona Taba, S.
9 (RLIN) 111195
245 10 - MENCIÓN DE TÍTULO
Título Maize genetic resorces /
Mención de responsabilidad, etc. /ed. by S. Taba.
260 ## - PUBLICACIÓN, DISTRIBUCIÓN, ETC.
Lugar de publicación, distribución, etc. México, D.F. :
Nombre del editor, distribuidor, etc. Centro Internacional de Mejoramiento de Maíz y Trigo,
Fecha de publicación, distribución, etc. 1995.
300 ## - DESCRIPCIÓN FÍSICA
Extensión 95 p. :
Otras características físicas ilus. ; gráfs. ; mapa ; cuadros.
410 21 - MENCIÓN DE SERIE/PUNTO DE ACCESO ADICIONAL--ENTIDAD CORPORATIVA [OBSOLETO, CAN/MARC], [LOCAL, USA]
Nombre de entidad corporativa o nombre de jurisdicción como elemento de entrada CIMMYT
490 #0 - MENCIÓN DE SERIE
Mención de serie Maize program special report
590 ## - NOTA LOCAL (RLIN)
Nota local BATCH-UPD
Procedencia (VM) [OBSOLETO] 10
Condición del los carretes individuales (VM) [OBSOLETO] 20130110
-- UCH01
-- 0422
590 ## - NOTA LOCAL (RLIN)
Nota local BATCH-UPD
Procedencia (VM) [OBSOLETO] 10
Condición del los carretes individuales (VM) [OBSOLETO] 20130110
-- UCH01
-- 2051
590 ## - NOTA LOCAL (RLIN)
Nota local BATCH-UPD
Procedencia (VM) [OBSOLETO] 10
Condición del los carretes individuales (VM) [OBSOLETO] 20130410
-- UCH01
-- 0057
590 ## - NOTA LOCAL (RLIN)
Nota local BATCH-UPD
Procedencia (VM) [OBSOLETO] 10
Condición del los carretes individuales (VM) [OBSOLETO] 20130914
-- UCH01
-- 1732
590 ## - NOTA LOCAL (RLIN)
Nota local CONVERSION
Procedencia (VM) [OBSOLETO] 10
Condición del los carretes individuales (VM) [OBSOLETO] 20130109
-- UCH01
-- 1344
590 ## - NOTA LOCAL (RLIN)
Nota local E5765TAJ
Procedencia (VM) [OBSOLETO] 05
Condición del los carretes individuales (VM) [OBSOLETO] 20150610
-- UCH01
-- 1339
650 14 - PUNTO DE ACCESO ADICIONAL DE MATERIA--TÉRMINO DE MATERIA
Término de materia o nombre geográfico como elemento de entrada Maíz
Subdivisión general Genética.
9 (RLIN) 70963
650 14 - PUNTO DE ACCESO ADICIONAL DE MATERIA--TÉRMINO DE MATERIA
Término de materia o nombre geográfico como elemento de entrada Maíz
Subdivisión general Germoplasma.
9 (RLIN) 70966
650 14 - PUNTO DE ACCESO ADICIONAL DE MATERIA--TÉRMINO DE MATERIA
Término de materia o nombre geográfico como elemento de entrada Recursos genéticos.
9 (RLIN) 95078
650 14 - PUNTO DE ACCESO ADICIONAL DE MATERIA--TÉRMINO DE MATERIA
Término de materia o nombre geográfico como elemento de entrada Teosinte.
9 (RLIN) 112320
650 14 - PUNTO DE ACCESO ADICIONAL DE MATERIA--TÉRMINO DE MATERIA
Término de materia o nombre geográfico como elemento de entrada Tripsacum.
9 (RLIN) 115178
810 21 - PUNTO DE ACCESO ADICIONAL DE SERIE--NOMBRE DE ENTIDAD CORPORATIVA
Nombre de entidad corporativa o nombre de jurisdicción como elemento de entrada CIMMYT
9 (RLIN) 23309
830 00 - PUNTO DE ACCESO ADICIONAL DE SERIE-TÍTULO UNIFORME
Título uniforme Maize program special report
9 (RLIN) 69938
901 ## - ELEMENTOS DE DATOS A LOCAL LDA (RLIN)
a BK
905 ## - ELEMENTOS DE DATOS E LOCAL, LDE (RLIN)
a Alejandra Carrasco M.
942 ## - ELEMENTOS DE PUNTO DE ACCESO ADICIONAL (KOHA)
Tipo de ítem Koha Libro
942 ## - ELEMENTOS DE PUNTO DE ACCESO ADICIONAL (KOHA)
Suprimir en OPAC 0
949 ## - PROCESAMIENTO DE INFORMACIÓN LOCAL (OCLC)
a 633.15 T32
b BC
c LIBRO
d 33724000729786
e LIBRO
h 95303
i 89803
s i
Holdings
Estado de retiro Estado de pérdida Fuente del sistema de clasificación o colocación Estado dañado Restricciones de uso No para préstamo Código de colección Localización permanente Ubicación/localización actual Ubicación en estantería Fecha de adquisición Información codificada de la localización en otra ubicación Total de préstamos Signatura topográfica completa Código de barras Fecha visto por última vez Precio válido a partir de Tipo de ítem Koha
    Dewey Decimal Classification   Préstamo 15 días   General Biblioteca Central Biblioteca Central Planta principal - Colección General 31/12/2019 LIBRO   633.15 T11 33724000729786 31/12/2019 31/12/2019 Libro